[Event "Wolrd Chess Olympiad 2018"]
[Site "Batumi"]
[Date "2018.09.30"]
[Round "6"]
[Board "2"]
[WhiteFideId "10400583"]
[White "Moncur Cecil"]
[BlackFideId "21400067"]
[Black "Esungi Guy Botetsi"]
[Result "0-1"]
[LiveChessVersion "1.4.8"]
[BlackElo "1495"]
[WhiteElo "1873"]

1. d4 {[%clk 1:30:47]} d5 {[%clk 1:30:42]} 2. c4 {[%clk 1:31:15]} Nf6
{[%clk 1:30:04]} 3. cxd5 {[%clk 1:31:22]} Nxd5 {[%clk 1:29:10]} 4. e4
{[%clk 1:23:08]} Nb6 {[%clk 1:28:38]} 5. Nf3 {[%clk 1:21:09]} e6 {[%clk 1:27:46]}
6. Bd3 {[%clk 1:19:33]} Bb4+ {[%clk 1:25:41]} 7. Nc3 {[%clk 1:19:52]} O-O
{[%clk 1:24:32]} 8. O-O {[%clk 1:19:39]} Nc6 {[%clk 1:21:43]} 9. Be3
{[%clk 1:19:13]} Bxc3 {[%clk 1:20:47]} 10. bxc3 {[%clk 1:19:24]} a6
{[%clk 1:19:13]} 11. Rb1 {[%clk 1:18:40]} Nd7 {[%clk 1:18:51]} 12. e5
{[%clk 1:18:12]} Ne7 {[%clk 1:12:43]} 13. Bxh7+ {[%clk 1:13:59]} Kh8
{[%clk 1:01:32]} 14. Be4 {[%clk 1:07:11]} f5 {[%clk 0:53:35]} 15. Ng5
{[%clk 1:06:21]} Qe8 {[%clk 0:47:12]} 16. Nxe6 {[%clk 1:05:59]} Qg6
{[%clk 0:40:56]} 17. Nxf8 {[%clk 1:04:40]} Nxf8 {[%clk 0:40:59]} 18. Bxb7
{[%clk 1:04:39]} Bxb7 {[%clk 0:37:59]} 19. Rxb7 {[%clk 1:04:36]} Nd5
{[%clk 0:37:37]} 20. c4 {[%clk 1:02:48]} Qc6 {[%clk 0:34:49]} 21. Qh5+
{[%clk 0:59:19]} Nh7 {[%clk 0:31:25]} 22. Rb3 {[%clk 0:58:31]} Nxe3
{[%clk 0:27:06]} 23. Rxe3 {[%clk 0:58:00]} Qxc4 {[%clk 0:25:23]} 24. Rh3
{[%clk 0:57:56]} Qg8 {[%clk 0:25:25]} 25. Qxf5 {[%clk 0:57:56]} Rf8
{[%clk 0:25:07]} 26. Qg6 {[%clk 0:58:05]} Rf4 {[%clk 0:23:15]} 27. Rb1
{[%clk 0:56:53]} Rf8 {[%clk 0:20:17]} 28. d5 {[%clk 0:56:43]} a5 {[%clk 0:19:20]}
29. Rh4 {[%clk 0:56:15]} a4 {[%clk 0:17:25]} 30. Rh3 {[%clk 0:55:05]} a3
{[%clk 0:16:48]} 31. Rb4 {[%clk 0:54:47]} Rxf2 {[%clk 0:13:05]} 32. Rbh4
{[%clk 0:53:15]} Rxg2+ {[%clk 0:06:32]} 33. Kh1 {[%clk 0:52:40]} Rxg6
{[%clk 0:06:10]} 34. Rxh7+ {[%clk 0:47:56]} Qxh7 {[%clk 0:06:16]} 35. Rxh7+
{[%clk 0:48:25]} Kxh7 {[%clk 0:06:31]} 36. e6 {[%clk 0:48:55]} Kg8
{[%clk 0:05:25]} 0-1

[Event "Wolrd Chess Olympiad 2018"]
[Site "Batumi"]
[Date "2018.09.30"]
[Round "6"]
[Board "1"]
[WhiteFideId "12000027"]
[White "Frick Renato"]
[BlackFideId "16400291"]
[Black "Ebosse Kingue Victor Patrick"]
[Result "0-1"]
[LiveChessVersion "1.4.8"]
[BlackElo "2060"]
[WhiteElo "2058"]

1. e4 {[%clk 1:30:55]} c5 {[%clk 1:30:54]} 2. Nf3 {[%clk 1:31:18]} d6
{[%clk 1:31:18]} 3. d4 {[%clk 1:31:39]} cxd4 {[%clk 1:31:40]} 4. Nxd4
{[%clk 1:31:58]} Nf6 {[%clk 1:32:01]} 5. Nc3 {[%clk 1:32:23]} a6 {[%clk 1:32:25]}
6. Bc4 {[%clk 1:32:37]} e6 {[%clk 1:32:49]} 7. Bb3 {[%clk 1:29:08]} Be7
{[%clk 1:33:11]} 8. Be3 {[%clk 1:28:20]} Nc6 {[%clk 1:33:26]} 9. Qe2
{[%clk 1:27:55]} Bd7 {[%clk 1:33:37]} 10. O-O {[%clk 1:26:37]} O-O
{[%clk 1:32:56]} 11. Kh1 {[%clk 1:24:48]} Rc8 {[%clk 1:29:15]} 12. f4
{[%clk 1:24:57]} Na5 {[%clk 1:28:25]} 13. e5 {[%clk 1:13:09]} Ne8
{[%clk 1:27:01]} 14. Rf3 {[%clk 1:10:08]} Nxb3 {[%clk 1:21:26]} 15. axb3
{[%clk 1:10:13]} g6 {[%clk 1:18:06]} 16. Rh3 {[%clk 1:07:19]} f5 {[%clk 1:15:15]}
17. Nf3 {[%clk 0:58:53]} Qc7 {[%clk 1:12:07]} 18. Qf2 {[%clk 0:56:49]} Bd8
{[%clk 1:11:48]} 19. Qg3 {[%clk 0:52:50]} Bc6 {[%clk 1:03:37]} 20. Ng5
{[%clk 0:44:55]} Bxg5 {[%clk 1:03:20]} 21. exd6 {[%clk 0:40:18]} Nxd6
{[%clk 1:01:51]} 22. Qxg5 {[%clk 0:39:12]} Qg7 {[%clk 0:58:56]} 23. Qh4
{[%clk 0:38:23]} Rf7 {[%clk 0:36:39]} 24. Rd1 {[%clk 0:37:10]} Rd7
{[%clk 0:36:32]} 25. Bd4 {[%clk 0:36:01]} Qf7 {[%clk 0:35:07]} 26. Be5
{[%clk 0:35:47]} Rcd8 {[%clk 0:32:35]} 27. Rhd3 {[%clk 0:35:39]} Ne8
{[%clk 0:31:12]} 28. Qxd8 {[%clk 0:32:11]} Rxd8 {[%clk 0:31:35]} 29. Rxd8
{[%clk 0:32:35]} h6 {[%clk 0:29:31]} 30. R1d4 {[%clk 0:12:32]} g5
{[%clk 0:27:51]} 31. Ne2 {[%clk 0:09:59]} Kh7 {[%clk 0:24:41]} 32. Rb8
{[%clk 0:06:37]} Qh5 {[%clk 0:22:16]} 33. Ng3 {[%clk 0:06:57]} Qh3
{[%clk 0:16:27]} 34. Rd2 {[%clk 0:07:03]} gxf4 {[%clk 0:12:02]} 35. Bxf4
{[%clk 0:07:23]} Qh4 {[%clk 0:11:31]} 36. Rf2 {[%clk 0:01:58]} Nf6
{[%clk 0:08:34]} 37. Be5 {[%clk 0:02:15]} Ng4 {[%clk 0:08:05]} 38. Rh8+
{[%clk 0:02:19]} Kg6 {[%clk 0:08:04]} 39. Rg8+ {[%clk 0:01:59]} Kf7
{[%clk 0:08:06]} 40. Rg7+ {[%clk 0:31:08]} Kf8 {[%clk 0:38:06]} 41. Nxf5
{[%clk 0:31:02]} Nxf2+ {[%clk 0:36:58]} 42. Kg1 {[%clk 0:31:21]} Nh3+
{[%clk 0:36:37]} 0-1

[Event "Wolrd Chess Olympiad 2018"]
[Site "Batumi"]
[Date "2018.09.30"]
[Round "6"]
[Board "1"]
[WhiteFideId "19700261"]
[White "Drayton Anthony"]
[BlackFideId "16000021"]
[Black "Mutabazi Fidele"]
[Result "1-0"]
[LiveChessVersion "1.4.8"]
[BlackElo "1818"]
[WhiteElo "2024"]

1. e4 {[%clk 1:30:45]} e5 {[%clk 1:30:01]} 2. Nf3 {[%clk 1:30:55]} Nc6
{[%clk 1:30:12]} 3. Bc4 {[%clk 1:30:05]} Bc5 {[%clk 1:29:23]} 4. O-O
{[%clk 1:24:34]} Nf6 {[%clk 1:29:47]} 5. c3 {[%clk 1:23:10]} d6 {[%clk 1:28:39]}
6. d4 {[%clk 1:22:33]} Bb6 {[%clk 1:25:13]} 7. dxe5 {[%clk 1:22:50]} Nxe4
{[%clk 1:18:09]} 8. Bxf7+ {[%clk 1:21:21]} Kxf7 {[%clk 1:09:58]} 9. Qd5+
{[%clk 1:21:39]} Be6 {[%clk 1:09:01]} 10. Qxe4 {[%clk 1:21:59]} h6
{[%clk 1:07:51]} 11. Be3 {[%clk 1:18:07]} d5 {[%clk 0:57:06]} 12. Qf4+
{[%clk 1:17:49]} Kg6 {[%clk 0:48:40]} 13. Nbd2 {[%clk 1:15:24]} Kh7
{[%clk 0:47:20]} 14. Rad1 {[%clk 1:15:34]} Rf8 {[%clk 0:45:10]} 15. Qg3
{[%clk 1:15:51]} Qe7 {[%clk 0:45:27]} 16. Bxb6 {[%clk 1:10:38]} axb6
{[%clk 0:45:46]} 17. a3 {[%clk 1:10:38]} Rf5 {[%clk 0:45:47]} 18. Nh4
{[%clk 1:10:39]} Rf7 {[%clk 0:36:32]} 19. f4 {[%clk 1:10:26]} g5 {[%clk 0:34:56]}
20. f5 {[%clk 1:09:06]} gxh4 {[%clk 0:29:15]} 21. Qg6+ {[%clk 1:09:27]} Kh8 22.
fxe6 Rxf1+ {[%clk 0:22:47]} 23. Rxf1 {[%clk 1:09:48]} Nxe5 {[%clk 0:23:03]} 24.
Qxh6+ {[%clk 1:10:10]} Qh7 {[%clk 0:22:13]} 25. Qf6+ {[%clk 1:10:35]} Qg7
{[%clk 0:22:25]} 26. Qxh4+ {[%clk 1:10:57]} Qh7 {[%clk 0:21:37]} 27. Qd4
{[%clk 1:11:15]} Qg7 {[%clk 0:17:38]} 28. Rf5 {[%clk 1:11:35]} Nc6
{[%clk 0:15:07]} 29. Qh4+ {[%clk 1:11:53]} 1-0

[Event "Wolrd Chess Olympiad 2018"]
[Site "Batumi"]
[Date "2018.09.30"]
[Round "6"]
[Board "2"]
[WhiteFideId "16000013"]
[White "Murara Maxence"]
[BlackFideId "19700024"]
[Black "Khan Taffin"]
[Result "0-1"]
[LiveChessVersion "1.4.8"]
[BlackElo "1900"]
[WhiteElo "1789"]

1. d4 {[%clk 1:30:50]} Nf6 {[%clk 1:30:56]} 2. Bf4 {[%clk 1:30:55]} d6
{[%clk 1:31:19]} 3. Nf3 {[%clk 1:31:04]} Nbd7 {[%clk 1:31:37]} 4. Nbd2
{[%clk 1:30:15]} Nh5 {[%clk 1:31:15]} 5. Bg3 {[%clk 1:29:42]} Nxg3
{[%clk 1:31:33]} 6. hxg3 {[%clk 1:29:34]} e5 {[%clk 1:31:54]} 7. e3
{[%clk 1:28:34]} g6 {[%clk 1:30:13]} 8. c3 {[%clk 1:26:55]} Bg7 {[%clk 1:30:31]}
9. Qc2 {[%clk 1:22:43]} O-O {[%clk 1:29:56]} 10. Bd3 {[%clk 1:19:59]} d5
{[%clk 1:27:32]} 11. dxe5 {[%clk 1:17:46]} Nxe5 {[%clk 1:27:54]} 12. Nxe5
{[%clk 1:14:05]} Bxe5 {[%clk 1:28:14]} 13. O-O-O {[%clk 1:12:38]} c5
{[%clk 1:26:43]} 14. f4 {[%clk 1:10:18]} Bf6 {[%clk 1:26:58]} 15. Nf3
{[%clk 1:08:00]} Qa5 {[%clk 1:25:48]} 16. a3 {[%clk 1:05:58]} c4 {[%clk 1:25:37]}
17. Be2 {[%clk 1:01:19]} Bf5 {[%clk 1:25:58]} 18. Qd2 {[%clk 1:01:18]} Qa4
{[%clk 1:26:12]} 19. Nh4 {[%clk 0:51:34]} Be4 {[%clk 1:26:10]} 20. Bf3
{[%clk 0:51:16]} Rfd8 {[%clk 1:26:24]} 21. Bxe4 {[%clk 0:49:37]} dxe4
{[%clk 1:26:46]} 22. Qc2 {[%clk 0:46:02]} Qxc2+ {[%clk 1:25:41]} 23. Kxc2
{[%clk 0:46:30]} Rd3 {[%clk 1:25:59]} 24. Rde1 {[%clk 0:42:14]} Rad8
{[%clk 1:26:00]} 25. Re2 {[%clk 0:42:21]} b5 {[%clk 1:26:07]} 26. g4
{[%clk 0:37:56]} a5 {[%clk 1:18:07]} 27. g3 {[%clk 0:33:55]} b4 {[%clk 1:18:15]}
28. g5 {[%clk 0:26:52]} Bxc3 {[%clk 1:14:35]} 29. bxc3 {[%clk 0:24:04]} Rxc3+
{[%clk 1:14:54]} 30. Kb1 {[%clk 0:21:17]} Rxa3 {[%clk 1:15:11]} 31. Rc2
{[%clk 0:14:50]} c3 {[%clk 1:11:31]} 32. f5 {[%clk 0:13:46]} Rd3 {[%clk 1:11:21]}
33. Rhc1 {[%clk 0:12:53]} Rxe3 {[%clk 1:09:40]} 34. Ra2 {[%clk 0:10:24]} Rxa2
{[%clk 1:08:39]} 35. Kxa2 {[%clk 0:10:30]} a4 {[%clk 1:09:08]} 36. Ng2
{[%clk 0:09:25]} Re2+ {[%clk 1:09:19]} 37. Kb1 {[%clk 0:09:25]} Rxg2
{[%clk 1:09:17]} 38. Rd1 {[%clk 0:09:52]} c2+ {[%clk 1:09:27]} 0-1

[Event "Wolrd Chess Olympiad 2018"]
[Site "Batumi"]
[Date "2018.09.30"]
[Round "6"]
[Board "3"]
[WhiteFideId "19700083"]
[White "Nathoo Loris"]
[BlackFideId "16000145"]
[Black "Murara Urwintwari Ian"]
[Result "1/2-1/2"]
[LiveChessVersion "1.4.8"]
[BlackElo "1677"]
[WhiteElo "1665"]

1. d4 {[%clk 1:30:55]} Nf6 {[%clk 1:30:42]} 2. Nf3 {[%clk 1:31:15]} d5
{[%clk 1:30:55]} 3. e3 {[%clk 1:31:40]} e6 {[%clk 1:31:20]} 4. Bd3
{[%clk 1:32:06]} c5 {[%clk 1:31:16]} 5. b3 {[%clk 1:32:30]} Nc6 {[%clk 1:31:32]}
6. Bb2 {[%clk 1:31:58]} cxd4 {[%clk 1:31:00]} 7. exd4 {[%clk 1:31:03]} Bd6
{[%clk 1:29:45]} 8. Nbd2 {[%clk 1:27:21]} Qc7 {[%clk 1:28:54]} 9. O-O
{[%clk 1:18:34]} O-O {[%clk 1:27:31]} 10. Re1 {[%clk 1:05:30]} Ng4
{[%clk 1:18:12]} 11. Ne5 {[%clk 1:00:39]} Ngxe5 {[%clk 1:17:25]} 12. dxe5
{[%clk 1:00:52]} Nxe5 {[%clk 1:17:40]} 13. Bxh7+ {[%clk 0:44:12]} Kxh7
{[%clk 1:01:04]} 14. Qh5+ {[%clk 0:42:03]} Kg8 {[%clk 1:01:33]} 15. Bxe5
{[%clk 0:36:40]} Bxe5 {[%clk 1:01:49]} 16. Qxe5 {[%clk 0:23:38]} Qxc2
{[%clk 1:01:53]} 17. Nf3 {[%clk 0:23:44]} f6 {[%clk 0:57:42]} 18. Qd6
{[%clk 0:23:20]} Qc6 {[%clk 0:57:19]} 19. Qg3 {[%clk 0:18:23]} e5
{[%clk 0:52:50]} 20. Rac1 {[%clk 0:18:46]} Qd6 {[%clk 0:52:03]} 21. Qg6
{[%clk 0:17:10]} Be6 {[%clk 0:47:51]} 22. Nh4 {[%clk 0:15:52]} Rac8
{[%clk 0:44:22]} 23. Rcd1 {[%clk 0:15:46]} d4 {[%clk 0:43:41]} 24. Rd3
{[%clk 0:15:28]} Rc3 {[%clk 0:43:08]} 25. Red1 {[%clk 0:13:33]} Rfc8
{[%clk 0:40:06]} 26. Rxc3 {[%clk 0:13:26]} Rxc3 {[%clk 0:25:03]} 27. Qe8+
{[%clk 0:13:40]} Kh7 {[%clk 0:25:29]} 28. Qh5+ {[%clk 0:13:16]} Kg8
{[%clk 0:25:20]} 29. Qe8+ {[%clk 0:12:53]} Kh7 {[%clk 0:23:05]} 30. Qh5+
{[%clk 0:12:12]} Kg8 {[%clk 0:23:28]} 1/2-1/2

[Event "Wolrd Chess Olympiad 2018"]
[Site "Batumi"]
[Date "2018.09.30"]
[Round "6"]
[Board "4"]
[WhiteFideId "16000072"]
[White "Niyibizi Alain Patience"]
[BlackFideId "19700130"]
[Black "Corlette Glenford"]
[Result "0-1"]
[LiveChessVersion "1.4.8"]
[BlackElo "1653"]
[WhiteElo "1756"]

1. Nf3 {[%clk 1:30:52]} d5 {[%clk 1:30:46]} 2. c4 {[%clk 1:31:04]} d4
{[%clk 1:30:04]} 3. d3 {[%clk 1:31:08]} c5 {[%clk 1:29:20]} 4. e4
{[%clk 1:26:40]} Nc6 {[%clk 1:28:52]} 5. Be2 {[%clk 1:26:16]} e5 {[%clk 1:28:57]}
6. O-O {[%clk 1:24:57]} h6 {[%clk 1:29:13]} 7. a3 {[%clk 1:23:38]} g5
{[%clk 1:28:02]} 8. h3 {[%clk 1:19:40]} Qf6 {[%clk 1:27:24]} 9. Nh2
{[%clk 1:19:28]} Qg6 {[%clk 1:26:21]} 10. Nd2 {[%clk 1:19:05]} h5
{[%clk 1:26:28]} 11. Ndf3 {[%clk 1:17:28]} Be7 {[%clk 1:26:02]} 12. Bd2
{[%clk 1:09:05]} g4 {[%clk 1:25:48]} 13. Ne1 {[%clk 0:57:27]} gxh3
{[%clk 1:26:06]} 14. g3 {[%clk 0:57:41]} Nf6 {[%clk 1:25:52]} 15. f4
{[%clk 0:57:53]} Qxg3+ {[%clk 1:25:42]} 16. Kh1 {[%clk 0:56:41]} Ng4
{[%clk 1:22:51]} 17. Bxg4 {[%clk 0:55:32]} hxg4 {[%clk 1:22:21]} 18. Rg1
{[%clk 0:54:22]} Qh4 {[%clk 1:19:11]} 19. f5 {[%clk 0:53:37]} g3 {[%clk 1:18:37]}
20. Nhf3 {[%clk 0:38:58]} g2+ {[%clk 1:15:21]} 21. Kh2 {[%clk 0:38:56]} Qf2
{[%clk 1:12:41]} 22. Nc2 {[%clk 0:33:10]} Bh4 {[%clk 1:11:10]} 23. Nxh4
{[%clk 0:32:34]} Rxh4 {[%clk 1:10:32]} 24. Be1 {[%clk 0:30:27]} Qxg1+
{[%clk 1:10:03]} 25. Kxg1 {[%clk 0:30:12]} h2+ {[%clk 1:10:15]} 26. Kf2
{[%clk 0:14:59]} g1=Q+ {[%clk 1:09:28]} 27. Ke2 {[%clk 0:14:35]} h1=Q 28. Bxh4
{[%clk 0:12:01]} Qhg2+ {[%clk 1:09:26]} 0-1

[Event "Wolrd Chess Olympiad 2018"]
[Site "Batumi"]
[Date "2018.09.30"]
[Round "6"]
[Board "1"]
[WhiteFideId "1950711"]
[White "Monteiro Antonio"]
[BlackFideId "409014"]
[Black "Kirby Peter J."]
[Result "1/2-1/2"]
[LiveChessVersion "1.4.8"]
[BlackElo "1988"]
[WhiteElo "1877"]

1. d4 {[%clk 1:30:46]} Nf6 {[%clk 1:30:56]} 2. c4 {[%clk 1:31:02]} g6
{[%clk 1:31:21]} 3. Nc3 {[%clk 1:31:27]} Bg7 {[%clk 1:31:41]} 4. e4
{[%clk 1:31:50]} d6 {[%clk 1:32:06]} 5. f3 {[%clk 1:31:53]} O-O {[%clk 1:32:07]}
6. Be3 {[%clk 1:32:14]} c6 {[%clk 1:32:20]} 7. Qd2 {[%clk 1:32:35]} a6
{[%clk 1:30:58]} 8. a4 {[%clk 1:31:47]} a5 {[%clk 1:29:44]} 9. Nge2
{[%clk 1:31:18]} Na6 {[%clk 1:27:10]} 10. h4 {[%clk 1:30:53]} h5 {[%clk 1:21:53]}
11. Bh6 {[%clk 1:23:21]} Nb4 {[%clk 1:14:37]} 12. Bxg7 {[%clk 1:22:26]} Kxg7
{[%clk 1:15:05]} 13. Ng3 {[%clk 1:19:46]} Qb6 {[%clk 1:07:25]} 14. Nge2
{[%clk 1:17:52]} Qc7 {[%clk 1:05:21]} 15. Rc1 {[%clk 1:07:58]} e5
{[%clk 1:01:22]} 16. d5 {[%clk 1:03:30]} Nd7 {[%clk 0:58:11]} 17. Ng3
{[%clk 1:01:19]} Nc5 {[%clk 0:57:36]} 18. Nxh5+ {[%clk 0:46:56]} gxh5
{[%clk 0:56:10]} 19. Qg5+ {[%clk 0:47:04]} Kh7 {[%clk 0:56:21]} 20. Qxh5+
{[%clk 0:47:09]} Kg7 {[%clk 0:56:38]} 21. Qg5+ {[%clk 0:46:35]} Kh7
{[%clk 0:56:52]} 22. Qh5+ {[%clk 0:46:37]} Kg7 {[%clk 0:57:21]} 23. Qg5+
{[%clk 0:46:11]} Kh7 {[%clk 0:57:45]} 24. Qh5+ 1/2-1/2

[Event "Wolrd Chess Olympiad 2018"]
[Site "Batumi"]
[Date "2018.09.30"]
[Round "6"]
[Board "2"]
[WhiteFideId "10700099"]
[White "Rowe Peter"]
[BlackFideId "1928112"]
[Black "Pereira Eder Marcio"]
[Result "1-0"]
[LiveChessVersion "1.4.8"]
[BlackElo "1781"]
[WhiteElo "1951"]

1. d4 {[%clk 1:30:55]} Nf6 {[%clk 1:30:15]} 2. Nf3 {[%clk 1:31:14]} d5
{[%clk 1:30:15]} 3. Bf4 {[%clk 1:30:57]} c5 {[%clk 1:28:32]} 4. e3
{[%clk 1:29:05]} Nc6 {[%clk 1:28:40]} 5. c3 {[%clk 1:29:04]} Qb6 {[%clk 1:27:56]}
6. Qc2 {[%clk 1:28:15]} cxd4 {[%clk 1:21:12]} 7. exd4 {[%clk 1:27:29]} Bf5
{[%clk 1:20:50]} 8. Qb3 {[%clk 1:26:18]} e6 {[%clk 1:17:52]} 9. Nbd2
{[%clk 1:24:54]} Be7 {[%clk 1:16:57]} 10. Be2 {[%clk 1:20:08]} Nh5
{[%clk 1:13:04]} 11. Qxb6 {[%clk 1:19:08]} axb6 {[%clk 1:12:59]} 12. Bc7
{[%clk 1:18:29]} O-O {[%clk 1:11:22]} 13. h3 {[%clk 1:13:20]} Be4
{[%clk 0:58:55]} 14. Nxe4 {[%clk 1:05:14]} dxe4 {[%clk 0:58:57]} 15. Nd2
{[%clk 1:05:22]} Nf6 {[%clk 0:59:08]} 16. Bxb6 {[%clk 1:03:24]} Nd5
{[%clk 0:58:42]} 17. Bc5 {[%clk 1:00:09]} Bxc5 {[%clk 0:58:51]} 18. dxc5
{[%clk 1:00:31]} e3 {[%clk 0:59:11]} 19. fxe3 {[%clk 0:58:37]} Nxe3
{[%clk 0:59:19]} 20. Kf2 {[%clk 0:58:51]} Nd5 {[%clk 0:57:23]} 21. a3
{[%clk 0:55:42]} Ne5 {[%clk 0:53:08]} 22. Nf3 {[%clk 0:51:15]} Nd7
{[%clk 0:51:57]} 23. c4 {[%clk 0:51:05]} Nf4 {[%clk 0:51:23]} 24. b4
{[%clk 0:50:39]} Nxe2 {[%clk 0:48:11]} 25. Kxe2 {[%clk 0:50:47]} Nf6
{[%clk 0:35:43]} 26. Rhd1 {[%clk 0:49:22]} Rfd8 {[%clk 0:31:53]} 27. Rxd8+
{[%clk 0:42:53]} Rxd8 {[%clk 0:31:54]} 28. a4 {[%clk 0:42:55]} Ne4
{[%clk 0:31:26]} 29. Ke3 {[%clk 0:42:12]} Nc3 {[%clk 0:25:12]} 30. Nd2
{[%clk 0:36:24]} f5 {[%clk 0:21:23]} 31. Nf3 {[%clk 0:34:30]} Nd1+
{[%clk 0:20:29]} 32. Ke2 {[%clk 0:29:34]} Nb2 {[%clk 0:20:27]} 33. a5
{[%clk 0:23:58]} Nxc4 {[%clk 0:19:51]} 34. Rc1 {[%clk 0:22:28]} Na3
{[%clk 0:18:03]} 35. c6 {[%clk 0:21:38]} bxc6 {[%clk 0:18:17]} 36. Rxc6
{[%clk 0:21:59]} Re8 {[%clk 0:18:33]} 37. Ne5 {[%clk 0:21:22]} Nb5
{[%clk 0:16:58]} 38. Kd3 {[%clk 0:17:43]} Kf8 {[%clk 0:14:56]} 39. Kc4
{[%clk 0:15:53]} Na3+ {[%clk 0:12:42]} 40. Kb3 {[%clk 0:44:17]} Nb5
{[%clk 0:42:57]} 41. Ka4 {[%clk 0:38:43]} Nd4 {[%clk 0:41:41]} 42. Rc7
{[%clk 0:38:15]} Rb8 {[%clk 0:32:39]} 43. Nd7+ {[%clk 0:38:36]} 1-0

[Event "Wolrd Chess Olympiad 2018"]
[Site "Batumi"]
[Date "2018.09.30"]
[Round "6"]
[Board "3"]
[WhiteFideId "23600110"]
[White "Barros Luis"]
[BlackFideId "10700234"]
[Black "Brookfield Toby"]
[Result "1/2-1/2"]
[LiveChessVersion "1.4.8"]
[BlackElo "1873"]
[WhiteElo "1774"]

1. e4 {[%clk 1:30:55]} c5 {[%clk 1:30:53]} 2. Nf3 {[%clk 1:31:01]} d6
{[%clk 1:31:09]} 3. d4 {[%clk 1:30:54]} cxd4 {[%clk 1:31:26]} 4. Nxd4
{[%clk 1:31:11]} Nf6 {[%clk 1:31:48]} 5. Nc3 {[%clk 1:31:02]} g6 {[%clk 1:32:06]}
6. Be3 {[%clk 1:30:50]} Bg7 {[%clk 1:32:28]} 7. f3 {[%clk 1:30:42]} Nc6
{[%clk 1:32:43]} 8. Bc4 {[%clk 1:30:35]} O-O {[%clk 1:32:53]} 9. Qd2
{[%clk 1:30:45]} Bd7 {[%clk 1:33:00]} 10. h4 {[%clk 1:30:41]} Rc8
{[%clk 1:32:42]} 11. Bb3 {[%clk 1:30:30]} h5 {[%clk 1:32:43]} 12. O-O-O
{[%clk 1:29:00]} Nxd4 {[%clk 1:23:52]} 13. Bxd4 {[%clk 1:28:40]} b5
{[%clk 1:24:08]} 14. Rdg1 {[%clk 1:27:37]} a5 {[%clk 1:23:22]} 15. a3
{[%clk 1:25:54]} b4 {[%clk 1:13:18]} 16. axb4 {[%clk 1:24:46]} axb4
{[%clk 1:13:30]} 17. Na2 {[%clk 1:24:53]} Qc7 {[%clk 1:04:35]} 18. g4
{[%clk 1:20:05]} hxg4 {[%clk 1:00:01]} 19. h5 {[%clk 1:17:22]} gxh5
{[%clk 0:55:44]} 20. Bxf6 {[%clk 1:10:53]} exf6 {[%clk 0:47:09]} 21. Rxh5
{[%clk 1:10:28]} Rfe8 {[%clk 0:35:54]} 22. Nxb4 {[%clk 1:05:55]} Qa7
{[%clk 0:32:46]} 23. Qg2 {[%clk 1:04:09]} Qa1+ {[%clk 0:29:48]} 24. Kd2
{[%clk 1:04:19]} Qxb2 {[%clk 0:30:12]} 25. Ke2 {[%clk 0:53:01]} f5
{[%clk 0:24:28]} 26. Rg5 {[%clk 0:43:09]} Bb5+ {[%clk 0:21:14]} 27. Kf2
{[%clk 0:37:08]} Qd4+ {[%clk 0:20:50]} 28. Kg3 {[%clk 0:36:52]} Qxb4
{[%clk 0:20:07]} 29. Rxf5 {[%clk 0:35:19]} Bc4 {[%clk 0:18:15]} 30. Kh4
{[%clk 0:31:51]} Re6 {[%clk 0:16:04]} 31. Qxg4 {[%clk 0:27:26]} Rg6
{[%clk 0:11:22]} 32. Rg5 {[%clk 0:25:44]} Rc5 {[%clk 0:10:45]} 33. Rxg6
{[%clk 0:25:01]} fxg6 {[%clk 0:10:47]} 34. Qxg6 {[%clk 0:25:01]} Qc3
{[%clk 0:08:44]} 35. Qe8+ {[%clk 0:24:26]} Kh7 {[%clk 0:09:00]} 36. Qg6+
{[%clk 0:17:22]} 1/2-1/2

[Event "Wolrd Chess Olympiad 2018"]
[Site "Batumi"]
[Date "2018.09.30"]
[Round "6"]
[Board "4"]
[WhiteFideId "10700200"]
[White "Bateman Kerry"]
[BlackFideId "23600179"]
[Black "Fernandes Luis De Pina"]
[Result "1-0"]
[LiveChessVersion "1.4.8"]
[BlackElo "1654"]
[WhiteElo "1710"]

1. e4 {[%clk 1:30:51]} e5 {[%clk 1:30:50]} 2. Nf3 {[%clk 1:31:14]} Nf6
{[%clk 1:30:56]} 3. Nc3 {[%clk 1:29:57]} d6 {[%clk 1:30:13]} 4. Bc4
{[%clk 1:29:28]} Bg4 {[%clk 1:28:13]} 5. d4 {[%clk 1:27:41]} Nbd7
{[%clk 1:23:56]} 6. Be3 {[%clk 1:24:35]} Be7 {[%clk 1:21:15]} 7. h3
{[%clk 1:24:31]} Bh5 {[%clk 1:21:23]} 8. Qe2 {[%clk 1:18:17]} a6 {[%clk 1:19:10]}
9. a3 {[%clk 1:11:41]} O-O {[%clk 1:18:04]} 10. O-O-O {[%clk 1:09:21]} Qc8
{[%clk 1:09:18]} 11. g4 {[%clk 1:06:05]} Bg6 {[%clk 1:09:44]} 12. Bg5
{[%clk 1:03:48]} b5 {[%clk 1:06:33]} 13. Nd5 {[%clk 0:53:45]} Nxd5
{[%clk 1:00:03]} 14. Bxd5 {[%clk 0:54:03]} Bxg5+ {[%clk 1:00:25]} 15. Nxg5
{[%clk 0:54:14]} c6 16. Ba2 {[%clk 0:52:59]} h6 {[%clk 0:59:00]} 17. Nf3
{[%clk 0:52:13]} Re8 {[%clk 0:40:53]} 18. Nh4 {[%clk 0:50:54]} Bh7
{[%clk 0:40:57]} 19. Nf5 {[%clk 0:49:07]} Qc7 {[%clk 0:37:34]} 20. Qf3
{[%clk 0:43:33]} Bg6 {[%clk 0:23:32]} 21. h4 {[%clk 0:34:54]} exd4
{[%clk 0:19:04]} 22. Rxd4 {[%clk 0:26:07]} Ne5 {[%clk 0:16:03]} 23. Qg3
{[%clk 0:21:59]} Bxf5 {[%clk 0:14:37]} 24. gxf5 {[%clk 0:21:09]} c5
{[%clk 0:14:47]} 25. Rg1 {[%clk 0:17:38]} g5 {[%clk 0:09:58]} 26. fxg6
{[%clk 0:16:40]} Kf8 {[%clk 0:05:23]} 27. gxf7 {[%clk 0:15:11]} cxd4
{[%clk 0:05:15]} 28. Qg7+ {[%clk 0:12:12]} Ke7 {[%clk 0:05:02]} 29. fxe8=Q+
{[%clk 0:12:16]} Kxe8 {[%clk 0:05:15]} 30. Qxc7 {[%clk 0:12:17]} 1-0